000 00454nam a2200181Ia 4500
005 20250326142226.0
008 250326s9999 xx 000 0 und d
037 _aTextbook
040 _aFMSL
_beng
_cFMSL
041 _aeng
_2eng
084 _qFMSL
100 _aGupta S D
_938970
245 0 _aHow book on industrial law.
_cGupta S D
260 _aBook
_bBook, Corporation
_c1976
300 _a508p
942 _cTB
999 _c1294023
_d1294023